000
00249nam a2200097Ia 4500
008
220204s9999 xx 000 0 und d
082
_a
631.4(047)
_b
ROT
245
0
_a
Rothamsted experiment station report 1950
260
_a
Harpenden
_c
1951
942
_c
BK
999
_c
19568
_d
19568